| 000 | 00585nam a2200169 a 4500 | ||
|---|---|---|---|
| 001 | 000030265 | ||
| 005 | 20200930060200.0 | ||
| 008 | 110505s2010 dr ac 000 0 spa d | ||
| 020 | _a9789945872576 | ||
| 040 |
_aDO-SdBNP _bspa _cBNPHU |
||
| 082 |
_axxx _bR426d |
||
| 110 | 1 |
_aRepública Dominicana _bDespacho de la Primera Dama _91327 |
|
| 245 | 1 | 0 |
_aMi recorrido solidario en la construcción de una sociedad en valores : _bmemorias 2009-2010. |
| 260 |
_aSanto Domingo : _bDespacho de la Primera Dama, _c2010. _fAlfa Y Omega |
||
| 300 |
_a79 p. : _bil., retrs ; _c24 cm. |
||
| 049 | _aBNPD | ||
| 999 |
_c29757 _d29757 |
||